Didascalicon de studio legendi = (Record no. 180159)
[ view plain ]
| 000 -LEADER | |
|---|---|
| campo de control de longitud fija | 01318nam a2200301 i 4500 |
| 001 - NÚMERO DE CONTROL | |
| campo de control | 180159 |
| 003 - IDENTIFICADOR DE NÚMERO DE CONTROL | |
| campo de control | ES-MaACL |
| 005 - FECHA Y HORA DE LA ÚLTIMA TRANSACCIÓN | |
| campo de control | 20250808062831.0 |
| 008 - DATOS DE LONGITUD FIJA--INFORMACIÓN GENERAL | |
| campo de control de longitud fija | 120509s2011 sp | |||||||| | spa d |
| 020 ## - NÚMERO INTERNACIONAL ESTÁNDAR DEL LIBRO | |
| Número Internacional Estándar del Libro | 978-84-220-1557-4 (BAC) |
| 020 ## - NÚMERO INTERNACIONAL ESTÁNDAR DEL LIBRO | |
| Número Internacional Estándar del Libro | 978-84-362-5924-7 (UNED) |
| 100 0# - ENTRADA PRINCIPAL--NOMBRE DE PERSONA | |
| Nombre de persona | Hugo de Sancto Victore, |
| Fechas asociadas al nombre | 1096?-1141 |
| 9 (RLIN) | 149927 |
| 245 10 - MENCIÓN DEL TÍTULO | |
| Título | Didascalicon de studio legendi = |
| Resto del título | (El afán por el estudio) / |
| Mención de responsabilidad, etc. | Hugo de San Víctor ; edición bilingüe preparada por Carmen Muñoz Gamero y Mª Luisa Arribas Hernáez. |
| 246 31 - FORMA VARIANTE DEL TITULO | |
| Título propio/Titulo breve | El afán por el estudio |
| 260 ## - PUBLICACIÓN, DISTRIBUCIÓN, ETC. | |
| Lugar de publicación, distribución, etc. | Madrid : |
| Nombre del editor, distribuidor, etc. | Biblioteca de Autores Cristianos : |
| -- | Universidad Nacional de Educación a Distancia, |
| Fecha de publicación, distribución, etc. | 2011. |
| 300 ## - DESCRIPCIÓN FÍSICA | |
| Extensión | VIII, 329 p. ; |
| Dimensiones | 20 cm. |
| 490 1# - MENCIÓN DE SERIE | |
| Mención de serie | Collectio Scriptorum mediaevalium et renascentium ; |
| Designación de volumen o secuencia | 6 |
| 490 1# - MENCIÓN DE SERIE | |
| Mención de serie | Biblioteca de autores cristianos ; |
| Designación de volumen o secuencia | 703 |
| 504 ## - NOTA DE BIBLIOGRAFÍA, ETC. | |
| Nota de bibliografía, etc. | Bibliografía: p. [125]-130. |
| 546 ## - NOTA DE IDIOMA | |
| Nota de lengua/lenguaje | Texto en latín y traducción en español; introducción en español. |
| 594 ## - Nota al título y mención de responsabilidad | |
| Nota al título y mención de responsabilidad | Traducción de: Didascalicon. |
| 700 1# - ENTRADA AGREGADA--NOMBRE PERSONAL | |
| Nombre de persona | Muñoz Gamero, Carmen. |
| 9 (RLIN) | 149928 |
| 700 1# - ENTRADA AGREGADA--NOMBRE PERSONAL | |
| Nombre de persona | Arribas Hernáez, María Luisa. |
| 9 (RLIN) | 149929 |
| 830 0# - PUNTO DE ACCESO ADICIONAL DE SERIE-TÍTULO UNIFORME | |
| Título uniforme | Collectio Scriptorum mediaevalium et renascentium ; |
| Designación de volumen o secuencia | 6 |
| 9 (RLIN) | 190009 |
| 830 00 - PUNTO DE ACCESO ADICIONAL DE SERIE-TÍTULO UNIFORME | |
| Título uniforme | Biblioteca de autores cristianos |
| Designación de volumen o secuencia | 703 |
| 9 (RLIN) | 178679 |
| 852 ## - LOCALIZACIÓN | |
| Ubicación | ES-MaACL |
| Número de control de estantería | J-691 |
| Estatus retirado | Estado de pérdida | Estado de daño | No para préstamo | Biblioteca de origen | Biblioteca actual | Ubicación en estantería | Fecha de adquisición | Fuente de adquisición | Total de préstamos | Signatura topográfica completa | Código de barras | Visto por última vez | Precio de reemplazo | Tipo de ítem Koha |
|---|---|---|---|---|---|---|---|---|---|---|---|---|---|---|
| Biblioteca del Ateneo de Madrid | Biblioteca del Ateneo de Madrid | Depósito 2 | 09/05/2012 | J-691 | 1189300 | 23/02/2023 | 23/02/2023 | Libro impreso |
